The course of my life / (Record no. 129942)

MARC details
000 -LEADER
fixed length control field 00684nam a22002297a 4500
005 - DATE AND TIME OF LATEST TRANSACTION
control field 20170124110105.0
010 ## - LIBRARY OF CONGRESS CONTROL NUMBER
LC control number A-794447
020 ## - INTERNATIONAL STANDARD BOOK NUMBER
Terms of availability 00.00
International Standard Book Number 8125008241
035 ## - SYSTEM CONTROL NUMBER
System control number A-794447
037 ## - SOURCE OF ACQUISITION
Source of stock number/acquisition Cen Lib/Ret
040 ## - CATALOGING SOURCE
Original cataloging agency DPL
Language of cataloging EN
082 ## - DEWEY DECIMAL CLASSIFICATION NUMBER
Classification number 921
Item number DES
100 ## - MAIN ENTRY--PERSONAL NAME
Personal name Deshmukh, C. D.
9 (RLIN) 27853
245 ## - TITLE STATEMENT
Title The course of my life /
Statement of responsibility, etc by C. D. Deshmukh
260 ## - PUBLICATION, DISTRIBUTION, ETC. (IMPRINT)
Place of publication, distribution, etc Hyderabad
Name of publisher, distributor, etc Orient Longman
Date of publication, distribution, etc 1995
270 ## - ADDRESS
City Hyderabad
Address Himayatnagar
Postal code 500029
300 ## - PHYSICAL DESCRIPTION
Extent 367p.
Dimensions 21cm(Hb)
500 ## - GENERAL NOTE
General note Includes index
650 ## - SUBJECT ADDED ENTRY--TOPICAL TERM
Topical term or geographic name as entry element India -- Officials and employees
9 (RLIN) 27854
650 ## - SUBJECT ADDED ENTRY--TOPICAL TERM
Topical term or geographic name as entry element Deshmukh, Chintaman Dwarkanath, -- 1896-1982
9 (RLIN) 27855
942 ## - ADDED ENTRY ELEMENTS (KOHA)
Source of classification or shelving scheme Dewey Decimal Classification
Koha item type English Books
Classification part 921
Call number suffix DES
Holdings
Withdrawn status Lost status Damaged status Not for loan Home library Current library Date acquired Source of acquisition Cost, normal purchase price Total Checkouts Full call number Barcode Date last seen Date checked out Copy number Cost, replacement price Price effective from Koha item type
        Central Library Central Library 08/07/2015 Cen Lib/Ret 0.00 1 921 DES A-794447 10/06/2018 20/05/2018 1 0.00 08/07/2015 English Books

© Delhi Public Library
Hit Counter
free hit counter